Central Library OPAC University of Rajshahi

A short manual on sampling / (Record no. 35435)

MARC details
000 -LEADER
fixed length control field 00645nam a22002177a 4500
001 - CONTROL NUMBER
control field 35435
003 - CONTROL NUMBER IDENTIFIER
rucl marc code BD-RjUL
005 - DATE AND TIME OF LATEST TRANSACTION
control field 20211209052323.0
008 - FIXED-LENGTH DATA ELEMENTS--GENERAL INFORMATION
fixed length control field 140524s1970 nyu |||| |||| 000 0 eng d
035 ## - SYSTEM CONTROL NUMBER
System control number (BD-RjUL)35529
040 ## - CATALOGING SOURCE
Original cataloging agency BD-RjUL
Language of cataloging eng
Transcribing agency BD-RjUL
041 ## - LANGUAGE CODE
Language code of text/sound track or separate title eng
082 ## - DEWEY DECIMAL CLASSIFICATION NUMBER
Edition number 21
Classification number 543.006042643
Author mark and year UNS V-2 1970
110 ## - MAIN ENTRY--CORPORATE NAME
Corporate name or jurisdiction name as entry element United Nations.
9 (RLIN) 107899
245 ## - TITLE STATEMENT
Title A short manual on sampling /
Number of part/section of a work Volume II :
Name of part/section of a work Computer programmes for sample designs
260 ## - PUBLICATION, DISTRIBUTION, ETC. (IMPRINT)
Place of publication, distribution, etc. New York :
Name of publisher, distributor, etc. United Nations,
Date of publication, distribution, etc. 1970.
300 ## - PHYSICAL DESCRIPTION
Pagination v, 77 p. ;
Size 29 cm.
490 ## - SERIES STATEMENT
Series statement Studies in Methods Series F
Volume/sequential designation no 9
650 ## - SUBJECT ADDED ENTRY--TOPICAL TERM
Topical term or geographic name as entry element Sampling.
9 (RLIN) 107736
942 ## - ADDED ENTRY ELEMENTS (KOHA)
Source of classification or shelving scheme Dewey Decimal Classification
Koha item type Books
Holdings
Lost status Source of classification or shelving scheme Damaged status Not for loan Collection code Permanent Location Current Location Shelving location Date acquired Source of acquisition Cost, normal purchase price Total Checkouts Full call number Date last seen Copy number Koha item type
  Dewey Decimal Classification     Non-fiction Central Library, University of Rajshahi Central Library, University of Rajshahi   26/09/1974 Gono Prakashani 24.00   543.006042643 UNS V-2 1970 25/05/2014 C-2 Books
  Dewey Decimal Classification     Non-fiction Central Library, University of Rajshahi Central Library, University of Rajshahi   26/09/1974 Gono Prakashani 24.00   543.006042643 UNS V-2 1970 25/05/2014 C-3 Books
  Dewey Decimal Classification     Non-fiction Central Library, University of Rajshahi Central Library, University of Rajshahi   26/09/1974 Gono Prokashoni Dhaka 24.00   543.006042643 UNS V-2 1970 25/06/2014 C-4 Books
  Dewey Decimal Classification     Non-fiction Central Library, University of Rajshahi Central Library, University of Rajshahi   26/09/1974 Gono Prokashoni Dhaka 24.00   543.006042643 UNS V-2 1970 25/06/2014 C-5 Books
  Dewey Decimal Classification     Non-fiction Central Library, University of Rajshahi Central Library, University of Rajshahi   26/09/1974 Gono Prokashoni Dhaka 24.00   543.006042643 UNS V-2 1970 25/06/2014 C-6 Books